Statistics for Matilda

Click here to take the quiz!

General Stats

  • This quiz has been taken 301 times
  • The average score is 5 of 11

Answer Stats

HintAnswer% Correct
The protagonistMatilda Wormwood
84%
Matilda's teacherJennifer Honey
81%
Boy who steals slice of cakeBruce Bogtrotter
75%
The mean principalAgatha Trunchbull
72%
Matilda's best friendLavender
63%
Girl with long pigtails which annoys Miss TrunchbullAmanda Thripp
49%
Matilda's brotherMichael Wormwood
44%
Matilda's father's nameHarry Wormwood
24%
Matilda's mother's nameZinnia Wormwood
24%
LibrarianMrs. Phelps
19%
Shortest student in classEric
9%

Score Distribution

Percentile by Number Answered

Percent of People with Each Score

Your Score History

You have not taken this quiz